|
|
|
|
| LEADER |
00000nas a2200000 i 4500 |
| 001 |
ssj0001255882 |
| 003 |
WaSeSS |
| 005 |
20200512172242.0 |
| 006 |
m d |
| 007 |
cr n |
| 008 |
140414c20149999gw uu p s | a0eng c |
| 010 |
|
|
|a 2014254529
|
| 022 |
|
|
|a 2196-419X
|
| 035 |
|
|
|a (WaSeSS)ssj0001255882
|
| 040 |
|
|
|a CUV
|b eng
|c CUV
|d CUV
|d OCLCF
|d CUI
|d DLC
|d AU@
|d OCLCQ
|d WaSeSS
|
| 042 |
|
|
|a pcc
|
| 050 |
0 |
0 |
|a P147
|
| 050 |
|
4 |
|a P147
|
| 210 |
1 |
0 |
|a Funct. linguist.
|
| 245 |
0 |
0 |
|a Functional linguistics
|h [electronic resource].
|
| 260 |
|
|
|a Heidelberg, Germany :
|b Springer-Verlag, GmbH,
|c 2014-
|
| 362 |
1 |
|
|a Began with 1:1 (10 April 2014).
|
| 500 |
|
|
|a "A SpringerOpen journal."
|
| 506 |
|
|
|a License restrictions may limit access.
|
| 520 |
|
|
|a "Functional Linguistics publishes scholarly articles and reviews in the broad area of functional studies, with a special focus on systemic functional linguistics. The journal aims to provide a platform for the exploration of language and linguistic issues from a functional and meaning-oriented perspective. Areas to be covered in this journal include: language and context, functional grammar, semantic variation, discourse analysis, multimodality, register and genre analysis, educational linguistics, etc."
|
| 550 |
|
|
|a Society affiliation: M.A.K. Halliday Library, Sun Yat-sen University.
|
| 588 |
|
|
|a Description based on: 1:1 (10 April 2014); title from journal homepage (SpringerOpen web site, viewed April 14, 2014).
|
| 588 |
|
|
|a Latest issue consulted: Volume 4, issue 1 (2017) (Springer viewed June 14, 2014).
|
| 650 |
|
0 |
|a Functionalism (Linguistics)
|v Periodicals.
|
| 650 |
|
0 |
|a Systemic grammar
|v Periodicals.
|
| 650 |
|
7 |
|a Functionalism (Linguistics)
|2 fast
|0 (OCoLC)fst00936095
|
| 650 |
|
7 |
|a Systemic grammar.
|2 fast
|0 (OCoLC)fst01141439
|
| 655 |
|
0 |
|a Electronic journals.
|
| 710 |
2 |
|
|a Zhongshan da xue (Guangzhou, China).
|b Han Lide yu yan xue wen xian zhong xin.
|
| 850 |
|
|
|a DLC
|
| 856 |
4 |
0 |
|z Full text available from Research Library: 04/01/2014 to present
|u https://search.proquest.com/publication/2034758
|